Control de plantas dominadas por el tiempo muerto
Sparad:
| Huvudupphovsman: | |
|---|---|
| Materialtyp: | Bok |
| Publicerad: |
2006
[San José, Costa Rica]
|
| Ämnen: | |
| Taggar: |
Lägg till en tagg
Inga taggar, Lägg till första taggen!
|
MARC
| LEADER | 00000nam a2200000Ia 4500 | ||
|---|---|---|---|
| 001 | 5318 | ||
| 003 | 009794 | ||
| 005 | 20221231144118.0 | ||
| 008 | 140114s2006 cr a 000 ||s d | ||
| 040 | |c cru CEDI | ||
| 100 | |a Durán Varela, Mario Alberto |9 5393 | ||
| 245 | |a Control de plantas dominadas por el tiempo muerto | ||
| 260 | |c [San José, Costa Rica] |b 2006 | ||
| 300 | |a xxxi, 244 hojas : ilustraciones | ||
| 500 | |a Tesis (licenciatura en ingeniería eléctrica)--Universidad de Costa Rica. Facultad de Ingeniería. Escuela de Ingeniería Eléctrica | ||
| 650 | |x CONTROL AUTOMATICO |x SIMULACION POR COMPUTADORA |x CONTROLADORES PID |9 5394 | ||
| 942 | |c TFG | ||
| 999 | |c 17074 |d 17074 | ||
